| 000 | 00921cab a2200229 4500 | ||
|---|---|---|---|
| 001 | WB3438-18 | ||
| 008 | 090401t1998 xxu||||| |||| 00| 0 eng d | ||
| 035 | _a(Sirsi) u88833 | ||
| 041 | _aeng | ||
| 245 | _aPower lines fear | ||
| 260 | _c1998 | ||
| 350 | _a0 | ||
| 490 |
_aPlanning (for the Natural and Built Environment) _v(1288) 2 October 1998, 2(1) |
||
| 520 | _aPressure for a ban on new housing near overhead power lines is mounting following recent research carried out by Professor Denis Henshaw at the University of Bristol linking the interaction of traffic pollutants with electromagnetic fields around power lines . A draft government circular on development near power lines is expected later in 1998. | ||
| 650 | _aCANCER | ||
| 650 | _aELECTRICITY PYLONS | ||
| 650 | _aELECTROMAGNETIC FIELDS | ||
| 650 | _aHEALTH HAZARDS | ||
| 690 | _aECONOMIC AND SOCIAL | ||
| 942 | _n0 | ||
| 948 | _c06/10/1998 | ||
| 999 |
_c56173 _d56173 |
||